000 00475nam a22001817a 4500
005 20251108170615.0
008 250721s1996 xx 000 0 eng d
082 1 4 _a658.4012/ROU
100 1 _aRouillard, Larrie A.
245 1 0 _aGoals and goal setting :
_bPlanning to succeed /
264 1 _aLondon :
_bKogan Page,
_c1996.
300 _a80p.
490 0 _aBetter management skills
650 1 7 _aManagement
650 1 7 _aPlanningl
942 _2ddc
_cBK
999 _c44658
_d44658